Grandes voûtes / (Record no. 140653)

MARC details
000 -LEADER
campo de control de longitud fija 01051nam a2200169 i 4500
001 - NÚMERO DE CONTROL
campo de control 140653
003 - IDENTIFICADOR DE NÚMERO DE CONTROL
campo de control ES-MaACL
005 - FECHA Y HORA DE LA ÚLTIMA TRANSACCIÓN
campo de control 20230906200125.0
007 - CAMPO FIJO DE DESCRIPCIÓN FÍSICA--INFORMACIÓN GENERAL
campo de control de longitud fija t|
008 - DATOS DE LONGITUD FIJA--INFORMACIÓN GENERAL
campo de control de longitud fija 070214s19131916fr r ||||1| fre d
100 1# - ENTRADA PRINCIPAL--NOMBRE DE PERSONA
Nombre de persona Séjourné, Paul.
9 (RLIN) 105279
245 10 - MENCIÓN DEL TÍTULO
Título Grandes voûtes /
Mención de responsabilidad, etc. par Paul Séjourné.
260 ## - PUBLICACIÓN, DISTRIBUCIÓN, ETC.
Lugar de publicación, distribución, etc. Bourges :
Nombre del editor, distribuidor, etc. [s. n.],
Fecha de publicación, distribución, etc. 1913-16 (
Fabricante Imp. Vve Tardy-Pigelet & Fils)
300 ## - DESCRIPCIÓN FÍSICA
Extensión 6 v. ;
Dimensiones 33 x 25 cm.
505 8# - NOTA DE CONTENIDO CON FORMATO
Nota de contenido con formato Contiene: I. 1re. partie. Voûtes inarticuleés Pleins cintres et ellipses.- 3 h., V, 259 p., 6 h. de lám. II. 1re. partie. Voûtes inarticulées. Ares peu surbaissés.- 2 h., III, 220 p., 11 h. de lám. III. 1re. partie. Voûtes inarticulées Ares assez surbaissés. Ares très sur baissés.- 2 h., III, 42 p., 2 h. de lám. IV. 2me. partie. Voûtes articulées.- 2 h., III, 302 p., 1 h., 1 h. de lám. V. 3me. partie. Se que L'expérience en seigne de commUn a toutes les voûtes.- 2 h., 234 p., 1 h. de lám. VI. Appendice. Pratique des voûtes Annexes.- 2 h., 283 p., 6 h. de lám.
852 ## - LOCALIZACIÓN
Ubicación ES-MaACL
Número de control de estantería G-6349-54
Holdings
Estatus retirado Estado de pérdida Estado de daño No para préstamo Biblioteca de origen Biblioteca actual Ubicación en estantería Fecha de adquisición Fuente de adquisición Total de préstamos Signatura topográfica completa Código de barras Visto por última vez Precio de reemplazo Tipo de ítem Koha
        Biblioteca del Ateneo de Madrid Biblioteca del Ateneo de Madrid Depósito 2 17/01/2008     G-6349-54 1146365 23/02/2023 23/02/2023 Libro impreso